01639cam a22003491i 45000010018000000050017000180080041000350150019000760160018000950200018001130240018001310290021001490350022001700350024001920400073002160410012002890490009003011000033003102450092003432640041004353000023004765040039004995200477005386500026010156500035010416500025010766500029011016550042011309420008011729520094011809990015012749911852694120434120251112155636.0240901s2025 enk b 000 0 eng d aGBC5346762bnb7 a3005371442Uk a97818360047768 aCIPO0002072151 aUKMGBb300537144 a(OCoLC)1453719134 a(OCoLC)on1453719134 aYDXbengerdacYDXdOCLCOdOCOdUKMGBdOCLCOdBDXdNZAUCdOCLCOdNLE aEnglish aNLES aDoran, Claraeauthor.92577810aHeads up b: how to look after your brain so it will look after you c/ Dr. Clara Doran 1aLondon :bLeaping Hare Press,c2025. a160 pages ;c21 cm aIncludes bibliographic references. aProblems focusing? Low energy levels? Mood swings? Perhaps you need to look at how you’re caring for your brain. New research is proving that how we care for our brains governs how well we live, and in this accessible, brain-friendly book Dr Clara Doran outlines the best ways to do this. From nutrition and sleep to continuous learning and the company we keep, everything we do has an impact on our brains, which means everything we do better helps them to thrive.  0aBrain healthxHealth. 0aBrainxCare and hygiene924763 0aMental health912874 0aSelf-care, Health922295 7aSelf-help publications.2lcgft923836 2lcc 00102lcc4070aTBSbTBSd2025-08-27l0oBF515 DORpB05652r2025-08-27t1w2025-08-27y1 c4872d4872